Sports Quiz

Random Sports or NBA Quiz

NBA Chain Quiz for KOT4Q Stats

Quiz not verified by Sporcle

Challenge
Share
Tweet
Embed
Score 0/69 Timer 12:00
0 Plays Today
% Correct
???
100%
???
96.4%
???
93.3%
???
76.6%
???
75.7%
???
75.2%
???
68%
???
67.5%
???
67.3%
???
61.6%
???
61.1%
???
53.9%
???
52.3%
???
52%
???
48.9%
???
48.9%
???
48.4%
???
47.3%
???
44.2%
???
16%
???
16%
???
16%
???
14.3%
???
14.1%
???
14.1%
???
13.6%
???
13.6%
???
13.4%
???
13.4%
???
13.1%
???
13.1%
???
11.7%
???
11.7%
???
9.3%
???
8.8%
% Correct
???
8.8%
???
8.8%
???
8.8%
???
8.4%
???
8.1%
???
8.1%
???
7.6%
???
7.6%
???
7.4%
???
7.4%
???
6.9%
???
6.2%
???
6%
???
6%
???
6%
???
3.8%
???
3.8%
???
3.6%
???
3.6%
???
3.3%
???
3.3%
???
3.3%
???
3.3%
???
3.3%
???
3.3%
???
3.3%
???
3.3%
???
2.6%
???
2.6%
???
2.6%
???
2.6%
???
2.6%
???
2.4%
???
2.4%

You're not logged in!

Compare scores with friends on all Sporcle quizzes.
Sign Up with Email
OR
Log In

You Might Also Like...

Show Comments

Extras

Top Quizzes Today


Score Distribution

Your Account Isn't Verified!

In order to create a playlist on Sporcle, you need to verify the email address you used during registration. Go to your Sporcle Settings to finish the process.